000 00920nam a2200289 a 4500
001 59968
003 BD-RJUL
005 20211209080806.0
008 161228s1980 cau b 000 0 eng
020 _a0803914040
020 _a0803914059 (pbk.)
035 _aBD-RJUL 60092
040 _aDLC
_cDLC
_dEQO
_beng
041 _aeng
082 _a364.168
_223
_bWHI 1980
245 0 0 _aWhite-collar crime :
_btheory and research /
_cGilbert Geis and Ezra Stotland, editors.
260 _aBeverly Hills :
_bSage Publications,
_cc1980.
300 _a320 p. :
_bill. ;
_c23 cm.
504 _aIncludes bibliographies.
650 0 _aWhite collar crimes.
_9178383
650 0 _aWhite collar crimes
_zUnited States.
_9178384
700 1 _aGeis, Gilbert.
_9178385
700 1 _aStotland, Ezra,
_d1924-
_9178386
830 0 _aSage criminal justice system annuals ;
_vv. 13
_9178402
942 _2ddc
_cBK
999 _c59968
_d59968